000 00900nam a2200217Ia 4500
001 Para_10309
008 220602s9999 xx 000 0 und d
090 _aPA CD - TESIS 317
100 _aRamírez Alba, Nora Alicia
_9127333
245 _aFactores bióticos y abióticos relacionados al engrosamiento del cladodio de nopal (Opuntia ficus indica (L.) Mill.) / Nora Alicia Ramírez Alba; Director Ernestina Valadez Moctezuma
260 _aChapingo, Méx.: el autor
300 _a1 CDS ROM (441 CDS ROM (99 p.)
502 _aTesis (M.C. en Protección Vegetal). UACh. Departamento Parasitología Agrícola
700 _aValadez Moctezuma, Ernestina. Director
_9171339
710 _aUACh Departamento Parasitología AgrícolaÌ
_9185010
901 _aPA CD - TESIS 317
902 _aM
905 _a513220Diciembre, 2013 abnm8100000000 06
942 _c2
999 _c217209
_d217209